Internal structure of the Grand Saline salt dome, Van Zandt County, Texas.

Guardat en:
Dades bibliogràfiques
Autor principal: Muehlberger, William R.
Format: Llibre
Idioma:English
Publicat: Austin, 1959.
Col·lecció:Report of investigations (University of Texas. Bureau of Economic Geology) ; no. 38.
Matèries:
LEADER 01242nam a2200301 4500
001 c000184712
003 CARM
005 20050304185147.0
008 760629s1959 txua b 001 0 eng
010 |a 59062948 
019 1 |a 26754880  |5 LACONCORD2021 
035 |a (OCoLC)2286946  |5 LACONCORD2021 
040 |a DLC  |b eng  |c ILU  |d OCL  |d YUS  |d WaOLN  |d VU 
043 |a n-us-tx 
050 0 0 |a QE167  |b .T42 No.38 
100 1 |a Muehlberger, William R. 
245 1 0 |a Internal structure of the Grand Saline salt dome, Van Zandt County, Texas. 
260 |a Austin,  |c 1959. 
300 |a 18 p.  |b illus., diagrs., profile (in pocket)  |c 26 cm. 
490 1 |a Bureau of Economic Geology. University of Texas. Report of investigations, ;  |v no. 38. 
500 |a Includes index. 
504 |a Bibliography: p. 12. 
650 0 |a Salt mines and mining  |z Texas  |z Van Zandt County. 
650 0 |a Geology  |z Texas  |z Van Zandt County. 
830 0 |a Report of investigations (University of Texas. Bureau of Economic Geology) ;  |v no. 38. 
852 8 |b CARM  |h A2:AO20D0  |i C06971  |p 0250098  |f BK 
999 f f |i 7cd48c1c-11d3-54d9-94f1-037894e5b116  |s 9bc4ee15-6483-515d-b0c7-f9b2564c24f3 
952 f f |p Can circulate  |a CAVAL  |b CAVAL  |c CAVAL  |d CARM 1 Store  |e C06971  |f A2:AO20D0  |h Other scheme  |i book  |m 0250098